Rois et Reines des Asturies, de Castille puis d Espagne - Statistiques

Statistiques générales
  • Ce quiz a été pris 412 fois
    342 depuis la dernière actualisation
  • Le résultat moyen est 39 sur 69
Statistiques - réponses
Règne Dynastie Monarque % Correct
1975-2014 Bourbon Juan Carlos
98%
1504-1506 Habsbourg Philippe Ier
95%
1556-1598 Habsbourg Philippe II
95%
1598-1621 Habsbourg Philippe III
95%
1621-1665 Habsbourg Philippe IV
95%
1700-1746 Bourbon Philippe V
95%
2014- Bourbon Philippe VI
95%
1516-1556 Habsbourg Charles Ier
91%
1665-1700 Habsbourg Charles II
91%
1759-1788 Bourbon Charles III
91%
1788-1808 Bourbon Charles IV
91%
1379-1390 Trastamare Jean Ier
85%
1406-1454 Trastamare Jean II
85%
1474-1504 Trastamare Isabelle Ière
84%
1833-1868 Bourbon Isabelle II
84%
1724 Bourbon Louis
82%
1035-1065 Maison de Navarre Ferdinand Ier
80%
1157-1188 Ivrée Ferdinand II
80%
1217-1252 Ivrée Ferdinand III
80%
1295-1312 Ivrée Ferdinand IV
80%
1474-1504 Trastamare Ferdinand V
80%
1746-1759 Bourbon Ferdinand VI
80%
1808/1813-1833 Bourbon Ferdinand VII
80%
739-757 Cantabrio-Pelagiens Alphonse Ier
72%
791-842 Cantabrio-Pelagiens Alphonse II
72%
866-910 Cantabrio-Pelagiens Alphonse III
72%
925-931 Cantabrio-Pelagiens Alphonse IV
72%
1188-1230 Ivrée Alphonse IX
72%
999-1028 Cantabrio-Pelagiens Alphonse V
72%
1065-1109 Maison de Navarre Alphonse VI
72%
1126-1157 Ivrée Alphonse VII
72%
1158-1214 Ivrée Alphonse VIII
72%
1252-1284 Ivrée Alphonse X
72%
1312-1350 Ivrée Alphonse XI
72%
1874-1885 Bourbon Alphonse XII
72%
1886-1931 Bourbon Alphonse XIII
72%
1808-1813 Bonaparte Joseph-Napoléon
66%
1214-1217 Ivrée Henri Ier
65%
1369-1379 Trastamare Henri II
65%
1390-1406 Trastamare Henri III
65%
1454-1474 Trastamare Henri IV
65%
1504-1555 Trastamare Jeanne
59%
1870-1873 Savoie-Aoste Amédée
53%
1350-1369 Ivrée Pierre
44%
956-966 Cantabrio-Pelagiens Sanche Ier
35%
1065-1072 Maison de Navarre Sanche II
35%
1157-1158 Ivrée Sanche III
35%
1284-1295 Ivrée Sanche IV
35%
718-737 Cantabrio-Pelagiens Pélage
33%
910-914 Cantabrio-Pelagiens Garcia Ier
17%
1065-1071 Maison de Navarre Garcia II
17%
1109-1126 Maison de Navarre Urraque Iere
17%
789-791 Cantabrio-Pelagiens Bermude Ier
15%
985-999 Cantabrio-Pelagiens Bermude II
15%
1028-1037 Cantabrio-Pelagiens Bermude III
15%
850-866 Cantabrio-Pelagiens Ordoño Ier
15%
910-924 Cantabrio-Pelagiens Ordoño II
15%
951-956 Cantabrio-Pelagiens Ordoño III
15%
958-960 Cantabrio-Pelagiens Ordoño IV
15%
757-768 Cantabrio-Pelagiens Fruela Ier
14%
924-925 Cantabrio-Pelagiens Fruela II
14%
842-850 Cantabrio-Pelagiens Ramire Ier
14%
931-951 Cantabrio-Pelagiens Ramire II
14%
958-960 Cantabrio-Pelagiens Ramire III
14%
1217 Ivrée Bérengère
12%
774-783 Cantabrio-Pelagiens Silo
12%
768-774 Cantabrio-Pelagiens Aurelio
11%
737-739 Cantabrio-Pelagiens Favila
10%
783-789 Cantabrio-Pelagiens Mauregat
10%
Aucun quiz correspondant
Distribution des résultats
% des personnes avec chaque résultat
Percentile par nombre de réponses
Votre historique - résultats
Vous n’avez pas pris ce quiz depuis la dernière actualisation